ბათუმის შოთა რუსთაველის სახელმწიფო უნივერსიტეტის ბიბლიოთეკა

არასათანადო მოპყრობასა და დაუსჯელობასთან ბრძოლა და არასათანადო მოპყრობის ეფექტიანი გამოძიება: (ბიბ.ჩანაწერი № 59556)

000 -ლიდერი
ფიქსირებული სიგრძის საკონტროლო ველი 01971nam a22002177a 4500
003 - საკონტროლო ნომრის იდენტიფიკატორი
საკონტროლო ველი Ge_BSU
005 - ბოლო ოპერაციის თარიღი და დრო
საკონტროლო ველი 20230314123121.0
008 - ფიქსირებული სიგრძის მონაცემთა ელემენტები - ზოგადი ინფორმაცია
ფიქსირებული სიგრძის საკონტროლო ველი 230314s2016 ge ||||| |||| 00| 0 geo d
041 ## - ენის კოდი
Language code of text/sound track or separate title geo
080 ## - უნივერსალური ათობითი კლასიფიკაციის ინდექსი
Universal Decimal Classification number 342.254(075.8) მ-57
100 ## - მთავარი ჩანაწერი - პიროვნების სახელი
Personal name მერდოკი, ჯიმ
9 (RLIN) 17203
245 ## - ცნობა სათაურის შესახებ
Title არასათანადო მოპყრობასა და დაუსჯელობასთან ბრძოლა და არასათანადო მოპყრობის ეფექტიანი გამოძიება:
Remainder of title საქართველოსთან დაკავშირებით მომზადებული ანგარიში /
Statement of responsibility, etc ჯიმ მერდოკი; ადამიანის უფლებათა და სამართლებრივ საკითხთა გენერალური დირექტორატი ევროპის საბჭო.
264 ## - წარმოების, გამოცემის, დისტრიბუციის და სხვა ცნობები
გამოცემის, წარმოების, დისტრიბუციის... ადგილი [ქ.გ.]:
გამოცემის, წარმოების, დისტრიბუციის... სახელწოდება [გ.გ.],
გამოცემის, წარმოების, დისტრიბუციის... თარიღი [წ.გ.].
300 ## - ფიზიკური აღწერა
Extent 116 გვ.;
Other physical details 20 სმ.
500 ## - ზოგადი შენიშვნა
General note წინამდებარე გამოცემა დაფინანსებულია ევროპის კავშირისა და ევროპის საბჭოს ერთობლივი პროგრამის მიერ
653 ## - INDEX TERM--UNCONTROLLED
Uncontrolled term თანამდებობის პირები.
653 ## - INDEX TERM--UNCONTROLLED
Uncontrolled term პროკურატურა.
653 ## - INDEX TERM--UNCONTROLLED
Uncontrolled term ადამიანის უფლებათა და სამართლებრივ საკითხთა გენერალური დირექტორატი ევროპის საბჭო.
710 ## - ADDED ENTRY--CORPORATE NAME
Corporate name or jurisdiction name as entry element ადამიანის უფლებათა და სამართლებრივ საკითხთა გენერალური დირექტორატი ევროპის საბჭო
9 (RLIN) 17204
942 ## - ADDED ENTRY ELEMENTS (KOHA)
Source of classification or shelving scheme
Koha item type წიგნი
ეგზემპლარები
ჩამოწერის სტატუსი დაკარგული ეგზემპლარის სტატუსი კლასიფიკაციის წყარო ან თაროზე გაწყობის სქემა დაზიანების სტატუსი არ გაიცემა მუდმივი მდებარეობა (დაცვის ადგილი) ამჟამინდელი ადგილსამყოფელი თაროზე განთავსების ადგილი შეძენის თარიღი ღირებულება, შესყიდვის ნორმალური ფასი სრული შენახვის შიფრი შტრიხკოდი ბოლო ოპერაციის თარიღი ეგზემპლარის მიმდევრობითი ნომერი (კეტერი?) ფასის ძალაში შესვლის თარიღი ეგზემპლარის სახეობა საჯარო შენიშვნა Uniform Resource Identifier
          ბათუმის შოთა რუსთაველის სახელმწიფო უნივერსიტეტის მთავარი ბიბლიოთეკა ბათუმის შოთა რუსთაველის სახელმწიფო უნივერსიტეტის მთავარი ბიბლიოთეკა წიგნსაცავი 2023-03-14 5.00 342.254(075.8) მ-57 64031 2023-03-14 64031 2023-03-14 წიგნი 5 ლ.  
          ბათუმის შოთა რუსთაველის სახელმწიფო უნივერსიტეტის მთავარი ბიბლიოთეკა ბათუმის შოთა რუსთაველის სახელმწიფო უნივერსიტეტის მთავარი ბიბლიოთეკა წიგნსაცავი 2025-09-18 5.00 342.254(075.8) მ-57 72376 2025-09-18 72376 2025-09-18 წიგნი 5.00 ნაჩუქარი